Maitland Chambers case study (Record no. 109875)
[ view plain ]
| 000 -LEADER | |
|---|---|
| fixed length control field | 01103cad a22002295a 4500 |
| 001 - CONTROL NUMBER | |
| control field | E148083 |
| 008 - FIXED-LENGTH DATA ELEMENTS--GENERAL INFORMATION | |
| fixed length control field | 090722e20090710xxk f 000 0 eng d |
| 035 ## - SYSTEM CONTROL NUMBER | |
| System control number | (Sirsi) u148083 |
| 041 0# - LANGUAGE CODE | |
| Language code of text/sound track or separate title | eng |
| 050 04 - LIBRARY OF CONGRESS CALL NUMBER | |
| Classification number | 346.4104342 $2 18 |
| 100 1# - MAIN ENTRY--PERSONAL NAME | |
| Personal name | Johns, Alan |
| 245 00 - TITLE STATEMENT | |
| Title | Maitland Chambers case study |
| Medium | [electronic resource] |
| 260 ## - PUBLICATION, DISTRIBUTION, ETC. | |
| Place of publication, distribution, etc. | S.l. |
| Name of publisher, distributor, etc. | Property Litigation Association |
| Date of publication, distribution, etc. | 2009 |
| 490 #0 - SERIES STATEMENT | |
| Series statement | Maitland Chambers Case Study |
| 520 ## - SUMMARY, ETC. | |
| Summary, etc. | Looks at a case where a shopping centre lease requires each tenant to contribute a specified percentage to the service charge, but where there is no specification that the charges must be fair and reasonable. Discusses what tenants can do when they feel that the charges are too high and believe that other contractors could supply on better terms. Examines relevant case law. |
| 521 ## - TARGET AUDIENCE NOTE | |
| Target audience note | Advanced |
| 590 ## - LOCAL NOTE (RLIN) | |
| Local note | KA |
| 651 #4 - SUBJECT ADDED ENTRY--GEOGRAPHIC NAME | |
| Geographic name | England and Wales |
| Chronological subdivision | 1543- |
| 690 ## - LOCAL SUBJECT ADDED ENTRY--TOPICAL TERM (OCLC, RLIN) | |
| Topical term or geographic name as entry element | PROPERTY-LANDLORD AND TENANT-SERVICE CHARGES |
| 856 40 - ELECTRONIC LOCATION AND ACCESS | |
| Uniform Resource Identifier | <a href="https://www.pla.org.uk/library/maitland_chambers_case_studies">https://www.pla.org.uk/library/maitland_chambers_case_studies</a> |
| Public note | View the item free of charge at www.pla.org.uk... |
| 942 ## - ADDED ENTRY ELEMENTS (KOHA) | |
| Suppress in OPAC | 0 |
| Withdrawn status | Lost status | Source of classification or shelving scheme | Damaged status | Not for loan | Home library | Current library | Shelving location | Date acquired | Total Checkouts | Full call number | Barcode | Date last seen | Copy number | Price effective from | Koha item type |
|---|---|---|---|---|---|---|---|---|---|---|---|---|---|---|---|
| Dewey Decimal Classification | Virtual | Virtual | Online | 22/07/2009 | ONLINE PUBLICATION | 148083-2001 | 06/08/2019 | 1 | 06/08/2019 | Book |